<?xml version="1.0" encoding="UTF-8"?>
<record
    xmlns:xsi="http://www.w3.org/2001/XMLSchema-instance"
    xsi:schemaLocation="http://www.loc.gov/MARC21/slim http://www.loc.gov/standards/marcxml/schema/MARC21slim.xsd"
    xmlns="http://www.loc.gov/MARC21/slim">

  <leader>00372nam a2200169Ia 4500</leader>
  <controlfield tag="003">OSt</controlfield>
  <controlfield tag="005">20240315110759.0</controlfield>
  <controlfield tag="008">170619s9999    xx            000 0 und d</controlfield>
  <datafield tag="020" ind1=" " ind2=" ">
    <subfield code="a">9780070502079</subfield>
  </datafield>
  <datafield tag="040" ind1=" " ind2=" ">
    <subfield code="c">IIMT ENGINEERING COLLEGE</subfield>
  </datafield>
  <datafield tag="100" ind1=" " ind2=" ">
    <subfield code="a">Pitts Donald</subfield>
  </datafield>
  <datafield tag="245" ind1=" " ind2="0">
    <subfield code="a">Heat transfer</subfield>
  </datafield>
  <datafield tag="260" ind1=" " ind2=" ">
    <subfield code="b">TMH</subfield>
  </datafield>
  <datafield tag="260" ind1=" " ind2=" ">
    <subfield code="c">1997</subfield>
  </datafield>
  <datafield tag="546" ind1=" " ind2=" ">
    <subfield code="a">ENGLISH</subfield>
  </datafield>
  <datafield tag="942" ind1=" " ind2=" ">
    <subfield code="2">ddc</subfield>
    <subfield code="c">01</subfield>
  </datafield>
  <datafield tag="999" ind1=" " ind2=" ">
    <subfield code="c">16718</subfield>
    <subfield code="d">16718</subfield>
  </datafield>
  <datafield tag="952" ind1=" " ind2=" ">
    <subfield code="0">0</subfield>
    <subfield code="1">0</subfield>
    <subfield code="2">ddc</subfield>
    <subfield code="4">0</subfield>
    <subfield code="7">0</subfield>
    <subfield code="a">06</subfield>
    <subfield code="b">06</subfield>
    <subfield code="d">2003-07-22</subfield>
    <subfield code="e">1</subfield>
    <subfield code="l">0</subfield>
    <subfield code="p">06-B-4722</subfield>
    <subfield code="r">2017-07-03</subfield>
    <subfield code="w">2017-07-03</subfield>
    <subfield code="y">01</subfield>
  </datafield>
  <datafield tag="952" ind1=" " ind2=" ">
    <subfield code="0">0</subfield>
    <subfield code="1">0</subfield>
    <subfield code="2">ddc</subfield>
    <subfield code="4">0</subfield>
    <subfield code="7">0</subfield>
    <subfield code="a">06</subfield>
    <subfield code="b">06</subfield>
    <subfield code="d">2003-07-22</subfield>
    <subfield code="e">1</subfield>
    <subfield code="l">0</subfield>
    <subfield code="p">06-B-4723</subfield>
    <subfield code="r">2017-07-03</subfield>
    <subfield code="w">2017-07-03</subfield>
    <subfield code="y">01</subfield>
  </datafield>
  <datafield tag="952" ind1=" " ind2=" ">
    <subfield code="0">0</subfield>
    <subfield code="1">0</subfield>
    <subfield code="2">ddc</subfield>
    <subfield code="4">0</subfield>
    <subfield code="7">0</subfield>
    <subfield code="a">06</subfield>
    <subfield code="b">06</subfield>
    <subfield code="d">2003-07-22</subfield>
    <subfield code="e">1</subfield>
    <subfield code="l">0</subfield>
    <subfield code="p">06-B-4724</subfield>
    <subfield code="r">2017-07-03</subfield>
    <subfield code="w">2017-07-03</subfield>
    <subfield code="y">01</subfield>
  </datafield>
  <datafield tag="952" ind1=" " ind2=" ">
    <subfield code="0">0</subfield>
    <subfield code="1">0</subfield>
    <subfield code="2">ddc</subfield>
    <subfield code="4">0</subfield>
    <subfield code="7">0</subfield>
    <subfield code="a">06</subfield>
    <subfield code="b">06</subfield>
    <subfield code="d">2003-07-22</subfield>
    <subfield code="e">1</subfield>
    <subfield code="l">0</subfield>
    <subfield code="p">06-B-4725</subfield>
    <subfield code="r">2017-07-03</subfield>
    <subfield code="w">2017-07-03</subfield>
    <subfield code="y">01</subfield>
  </datafield>
  <datafield tag="952" ind1=" " ind2=" ">
    <subfield code="0">0</subfield>
    <subfield code="1">0</subfield>
    <subfield code="2">ddc</subfield>
    <subfield code="4">0</subfield>
    <subfield code="7">0</subfield>
    <subfield code="a">06</subfield>
    <subfield code="b">06</subfield>
    <subfield code="d">2003-07-22</subfield>
    <subfield code="e">1</subfield>
    <subfield code="l">0</subfield>
    <subfield code="p">06-B-4726</subfield>
    <subfield code="r">2017-07-03</subfield>
    <subfield code="w">2017-07-03</subfield>
    <subfield code="y">01</subfield>
  </datafield>
  <datafield tag="952" ind1=" " ind2=" ">
    <subfield code="0">0</subfield>
    <subfield code="1">0</subfield>
    <subfield code="2">ddc</subfield>
    <subfield code="4">0</subfield>
    <subfield code="7">0</subfield>
    <subfield code="a">06</subfield>
    <subfield code="b">06</subfield>
    <subfield code="d">2003-07-22</subfield>
    <subfield code="e">1</subfield>
    <subfield code="l">0</subfield>
    <subfield code="p">06-B-4727</subfield>
    <subfield code="r">2017-07-03</subfield>
    <subfield code="w">2017-07-03</subfield>
    <subfield code="y">01</subfield>
  </datafield>
  <datafield tag="952" ind1=" " ind2=" ">
    <subfield code="0">0</subfield>
    <subfield code="1">0</subfield>
    <subfield code="2">ddc</subfield>
    <subfield code="4">0</subfield>
    <subfield code="7">0</subfield>
    <subfield code="a">06</subfield>
    <subfield code="b">06</subfield>
    <subfield code="d">2003-07-22</subfield>
    <subfield code="e">1</subfield>
    <subfield code="l">0</subfield>
    <subfield code="p">06-B-4728</subfield>
    <subfield code="r">2017-07-03</subfield>
    <subfield code="w">2017-07-03</subfield>
    <subfield code="y">01</subfield>
  </datafield>
  <datafield tag="952" ind1=" " ind2=" ">
    <subfield code="0">0</subfield>
    <subfield code="1">0</subfield>
    <subfield code="2">ddc</subfield>
    <subfield code="4">0</subfield>
    <subfield code="7">0</subfield>
    <subfield code="a">06</subfield>
    <subfield code="b">06</subfield>
    <subfield code="d">2003-07-22</subfield>
    <subfield code="e">1</subfield>
    <subfield code="l">0</subfield>
    <subfield code="p">06-B-4729</subfield>
    <subfield code="r">2017-07-03</subfield>
    <subfield code="w">2017-07-03</subfield>
    <subfield code="y">01</subfield>
  </datafield>
  <datafield tag="952" ind1=" " ind2=" ">
    <subfield code="0">0</subfield>
    <subfield code="1">0</subfield>
    <subfield code="2">ddc</subfield>
    <subfield code="4">0</subfield>
    <subfield code="7">0</subfield>
    <subfield code="a">06</subfield>
    <subfield code="b">06</subfield>
    <subfield code="d">2003-07-22</subfield>
    <subfield code="e">1</subfield>
    <subfield code="l">1</subfield>
    <subfield code="p">06-B-4730</subfield>
    <subfield code="r">2018-01-29</subfield>
    <subfield code="s">2018-01-29</subfield>
    <subfield code="w">2017-07-03</subfield>
    <subfield code="y">01</subfield>
  </datafield>
  <datafield tag="952" ind1=" " ind2=" ">
    <subfield code="0">0</subfield>
    <subfield code="1">0</subfield>
    <subfield code="2">ddc</subfield>
    <subfield code="4">0</subfield>
    <subfield code="7">0</subfield>
    <subfield code="a">06</subfield>
    <subfield code="b">06</subfield>
    <subfield code="d">2003-07-22</subfield>
    <subfield code="e">1</subfield>
    <subfield code="l">0</subfield>
    <subfield code="p">06-B-4731</subfield>
    <subfield code="r">2017-07-03</subfield>
    <subfield code="w">2017-07-03</subfield>
    <subfield code="y">01</subfield>
  </datafield>
  <datafield tag="952" ind1=" " ind2=" ">
    <subfield code="0">0</subfield>
    <subfield code="1">0</subfield>
    <subfield code="2">ddc</subfield>
    <subfield code="4">0</subfield>
    <subfield code="7">0</subfield>
    <subfield code="a">06</subfield>
    <subfield code="b">06</subfield>
    <subfield code="d">2003-07-22</subfield>
    <subfield code="e">1</subfield>
    <subfield code="l">0</subfield>
    <subfield code="p">06-B-4732</subfield>
    <subfield code="r">2017-07-03</subfield>
    <subfield code="w">2017-07-03</subfield>
    <subfield code="y">01</subfield>
  </datafield>
  <datafield tag="952" ind1=" " ind2=" ">
    <subfield code="0">0</subfield>
    <subfield code="1">0</subfield>
    <subfield code="2">ddc</subfield>
    <subfield code="4">0</subfield>
    <subfield code="7">0</subfield>
    <subfield code="a">06</subfield>
    <subfield code="b">06</subfield>
    <subfield code="d">2003-07-22</subfield>
    <subfield code="e">1</subfield>
    <subfield code="l">0</subfield>
    <subfield code="p">06-B-4733</subfield>
    <subfield code="r">2017-07-03</subfield>
    <subfield code="w">2017-07-03</subfield>
    <subfield code="y">01</subfield>
  </datafield>
  <datafield tag="952" ind1=" " ind2=" ">
    <subfield code="0">0</subfield>
    <subfield code="1">0</subfield>
    <subfield code="2">ddc</subfield>
    <subfield code="4">0</subfield>
    <subfield code="7">0</subfield>
    <subfield code="a">06</subfield>
    <subfield code="b">06</subfield>
    <subfield code="d">2003-07-22</subfield>
    <subfield code="e">1</subfield>
    <subfield code="l">0</subfield>
    <subfield code="p">06-B-4734</subfield>
    <subfield code="r">2017-07-03</subfield>
    <subfield code="w">2017-07-03</subfield>
    <subfield code="y">01</subfield>
  </datafield>
  <datafield tag="952" ind1=" " ind2=" ">
    <subfield code="0">0</subfield>
    <subfield code="1">0</subfield>
    <subfield code="2">ddc</subfield>
    <subfield code="4">0</subfield>
    <subfield code="7">0</subfield>
    <subfield code="a">06</subfield>
    <subfield code="b">06</subfield>
    <subfield code="d">2003-07-22</subfield>
    <subfield code="e">1</subfield>
    <subfield code="l">0</subfield>
    <subfield code="p">06-B-4735</subfield>
    <subfield code="r">2017-07-03</subfield>
    <subfield code="w">2017-07-03</subfield>
    <subfield code="y">01</subfield>
  </datafield>
  <datafield tag="952" ind1=" " ind2=" ">
    <subfield code="0">0</subfield>
    <subfield code="1">0</subfield>
    <subfield code="2">ddc</subfield>
    <subfield code="4">0</subfield>
    <subfield code="7">0</subfield>
    <subfield code="a">06</subfield>
    <subfield code="b">06</subfield>
    <subfield code="d">2003-07-22</subfield>
    <subfield code="e">1</subfield>
    <subfield code="l">0</subfield>
    <subfield code="p">06-B-4736</subfield>
    <subfield code="r">2017-07-03</subfield>
    <subfield code="w">2017-07-03</subfield>
    <subfield code="y">01</subfield>
  </datafield>
</record>
